000 00427cam7a220016900 4500
001 tmp15941155
003 UPRA
005 20190830103827.0
008 951114s1977 xx fre u
035 _a(Sirsi) r25793
035 _a(UPRA)tmp15941155
040 _cUPRA
245 0 0 _aInformatique et developpement regional.
260 _c1977.
949 _aHC276.2
_wlcc
_i-26198
_mMAIN
_p2500
_tBOOK
_lON-SHELF
004 25793
999 _c184946
_d184946